000 00489nam a2200193Ia 4500
003 GCL
008 140319s9999 xx 000 0 eng d
040 _aGCL /
_cGCL
082 0 4 _a909.07
_bR C
100 1 _aROTHSCHILD, JON
245 1 0 _aTHE CRUSADES THROUGH ARAB EYES /
_cROTHSCHILD, JON
260 _a[S.N] :
_bAL SAQI BOOKS ،
_c1984
300 _a293 PP
650 0 4 _aHISTORY
650 0 4 _aMIDDLE EAST
650 0 4 _aCRUSADES
650 0 4 _aARABIC CIVILIZATION
942 _2ddc
_cBK
999 _c17495
_d17495